驻地最靠西的20个地级行政区 The 20 westernmost prefecture-level regions - Statistics

General Stats
  • This quiz has been taken 132 times
  • The average score is 18 of 20
Answer Stats
东经 北纬 县区 % Correct
75.99 39.47 喀什地区
100%
80.11 32.50 阿里地区
96%
88.14 47.84 阿勒泰地区
96%
76.17 39.71 克孜勒苏柯尔克孜自治州
95%
79.92 37.11 和田地区
95%
82.98 46.75 塔城地区
94%
87.61 43.82 乌鲁木齐市
92%
92.05 31.48 那曲市
92%
81.32 43.92 伊犁哈萨克自治州
91%
88.88 29.27 日喀则市
91%
80.26 41.17 阿克苏地区
90%
86.15 41.76 巴音郭楞蒙古自治州
89%
82.07 44.91 博尔塔拉蒙古自治州
88%
91.17 29.66 拉萨市
86%
93.51 42.82 哈密市
86%
84.89 45.58 克拉玛依市
82%
87.31 44.01 昌吉回族自治州
82%
89.19 42.95 吐鲁番市
82%
91.77 29.24 山南市
82%
94.36 29.65 林芝市
72%
No matching quizzes found
Score Distribution
Percent of People with Each Score
Percentile by Number Answered
Your Score History
You have not taken this quiz